Smart grids e a modelagem regulatr̤ia de infraestruturas

Bibliographic Details
Main Author: Moreno, Natl̀ia
Format: eBook
Language:Portuguese
Published: Rio de Janeiro: Synergia Editora, 2015
Subjects:
Online Access:Acceso restringido

MARC

LEADER 00000nam a22000007a 4500
005 20190819235519.0
007 cr|||| ||||
008 190819s2015 br |||||s|||| 00||0 por d
020 |a 9788568483121 
035 |a 24134 
040 |a vLex 
090 |c 9248  |d 9248 
100 1 |a Moreno, Natl̀ia 
245 1 0 |a Smart grids e a modelagem regulatr̤ia de infraestruturas  |h [Recurso electrn̤ico] /  |c Natl̀ia Moreno 
256 |a Servicio en ln̕ea 
260 |a Rio de Janeiro:  |b Synergia Editora,  |c 2015 
300 |a 1 recurso electrn̤ico 
500 |a A obra Smart Grids e a Modelagem Regulatr̤ia de Infraestruturas examina as possv̕eis modelagens regulatr̤ias de setores infraestruturais a partir do estudo das redes elťricas nteligentes, com a apresentaȯ̂ de propostas que pretendem contribuir para o aprimoramento e, da,̕ a majoraȯ̂ de resultados eficientes da regulaȯ̂. Sô apresentadas e analisadas as novas fronteiras tecnolg̤icas do setor elťrico e os desafios existentes ̉sua implementaȯ̂ e gestô, sobretudo em matřia de financiamento e investimento, titularidade de bens e serviȯs e formataȯ̂ tarifr̀ia, revisitando-se conceitos cls̀sicos do Direito Administrativo, como os tt̕ulos habilitantes da concessô e autorizaȯ̂, para cotej-̀los ̉luz de sua eficc̀ia prt̀ica, nalisando se as dicotomias tradicionais da disciplina ainda se justificam nos cenr̀ios econm̥icos presentes. É a partir desta base que a autora prope̳ novos modelos regulatr̤ios e tarifr̀ios para o setor elťrico inteligente, apresentando o caso para a regulaȯ̂ de performance e resultados, cooperada e compartilhada, a responsive e smart regulation, a governanȧ em rede,a tarifaȯ̂ dinḿica e locacional e, mesmo, a desregulaȯ̂ do preȯ e condiė̳s de acesso ̉rede elťrica. Estas reflexe̳s pretendem-se igualmente aplicv̀eis aos demais setores infraestruturais das telecomunicaė̳s, da g̀ua, saneamento e transportes, contribuindo para o assentamento dos testes e anl̀ises que se devem implementar para a sua modelagem regulatr̤ia sob uma visô hols̕tica e sistm̊ica das infraestuturas em rede. 
506 1 |a Disponible solo en los productos indicados  |d vLex Global  |d vLex Global (Academic Edition, excluding Law Schools)  |d vLex Global (U.S. Academic Edition, Law Schools)  |d vLex Global (U.S. Academic Edition, excluding Law Schools)  |d vLex Global (Academic Edition, Law Schools) 
650 |a Energa̕  |z Brasil 
650 |a Electricidad  |z Brasil 
740 0 |a vLex Libros (Servicio en ln̕ea) 
856 4 0 |u http://vlex.com/source/smart-grids-e-a-modelagem-regulatoria-de-infraestruturas-24134  |z Acceso restringido 
942 |c BOOK 
999 0 |a Energy 
999 0 |a Electricity